000
002700000a22000970004500
100
1
_a
Pieters, Tracey
245
1
0
_a
35 years of spearhead short term missions
300
_a
Vol.85, núm.1 (March-June, 2005), Páginas 6-7
773
0
_t
Latin America Evangelist
942
_c
ANA
999
_c
60521
_d
60521